000 00664nam a2200169Ia 4500
008 090711s9999 xx 000 0 und d
082 _b72642
100 _aजोशी कमल / जोशी प्रभाकर
245 _aसातासमुद्रांवर / आगगाडी
260 _c1993
300 _a43+56
600 _aजोशी कमल / जोशी प्रभाकर
630 _aसातासमुद्रांवर / आगगाडी
700 _aजोशी कमल / जोशी प्रभाकर
730 _aसातासमुद्रांवर / आगगाडी
942 _cBOOK
999 _c297209
_d297209